<?xml version="1.0" encoding="UTF-8"?>
<record
    xmlns:xsi="http://www.w3.org/2001/XMLSchema-instance"
    xsi:schemaLocation="http://www.loc.gov/MARC21/slim http://www.loc.gov/standards/marcxml/schema/MARC21slim.xsd"
    xmlns="http://www.loc.gov/MARC21/slim">

  <leader>00642nam a2200169 a 4500</leader>
  <controlfield tag="001">000020802</controlfield>
  <controlfield tag="005">20200930011152.0</controlfield>
  <controlfield tag="008">100817s1972    dr            000 0 spa d</controlfield>
  <datafield tag="040" ind1=" " ind2=" ">
    <subfield code="a">DO-SdBNP</subfield>
    <subfield code="b">spa</subfield>
    <subfield code="c">BPJMB</subfield>
  </datafield>
  <datafield tag="082" ind1=" " ind2=" ">
    <subfield code="a">378.168</subfield>
    <subfield code="b">I59s</subfield>
  </datafield>
  <datafield tag="110" ind1="2" ind2=" ">
    <subfield code="a">Instituto para la Formaci&#xF3;n y Aprovechamiento de Recursos Humanos</subfield>
    <subfield code="9">43598</subfield>
  </datafield>
  <datafield tag="245" ind1="1" ind2="0">
    <subfield code="a">Seguro educativo :</subfield>
    <subfield code="b">significado y beneficios /. /</subfield>
    <subfield code="c">IFARHU.</subfield>
  </datafield>
  <datafield tag="260" ind1=" " ind2=" ">
    <subfield code="a">Panam&#xE1; :</subfield>
    <subfield code="b">Instituto para la Formaci&#xF3;n y Aprovechamiento de Recursos Humanos,</subfield>
    <subfield code="c">1972.</subfield>
  </datafield>
  <datafield tag="300" ind1=" " ind2=" ">
    <subfield code="a">147 p. :</subfield>
    <subfield code="b">il. ;</subfield>
    <subfield code="c">22 cm.</subfield>
  </datafield>
  <datafield tag="650" ind1=" " ind2="4">
    <subfield code="a">Credito educativo</subfield>
    <subfield code="z">Panam&#xE1;</subfield>
    <subfield code="9">43599</subfield>
  </datafield>
  <datafield tag="650" ind1=" " ind2="4">
    <subfield code="a">Educaci&#xF3;n</subfield>
    <subfield code="z">Panam&#xE1;</subfield>
    <subfield code="x">Financiamiento</subfield>
    <subfield code="9">43600</subfield>
  </datafield>
  <datafield tag="999" ind1=" " ind2=" ">
    <subfield code="c">20306</subfield>
    <subfield code="d">20306</subfield>
  </datafield>
</record>
